000
00203 a2200097 4500
020
_a
9780545403887
041
_a
spa
100
_a
Satin Capucilli, Alyssa
245
_a
Bizcocho sale a pasear
942
_c
BK
999
_c
30123
_d
30121